Carta apostólica Salvifici doloris del sumo pontífice Juan Pablo II a los obispos, sacerdotes, familias religiosas y fieles de la Iglesia Católica sobre el sentido cristiano del sufrimiento humano

Сохранить в:
Библиографические подробности
Главный автор: Juan Pablo II (Автор)
Формат:
Язык:испанский
Опубликовано: Santiago Salesiana 1987
Предметы:
Метки: Добавить метку
Нет меток, Требуется 1-ая метка записи!

MARC

LEADER 00000nam a2200000 a 4500
001 UCW9253
003 CL-VaPUC
008 890103e19870000CL |||||||||||||||||spa|d
082 0 4 |a 262.91  |b JUA  |2 21 
100 |a Juan Pablo II  |e author  |9 309920 
245 1 0 |a Carta apostólica Salvifici doloris del sumo pontífice Juan Pablo II a los obispos, sacerdotes, familias religiosas y fieles de la Iglesia Católica sobre el sentido cristiano del sufrimiento humano 
300 |a 74 p 
942 |c BK 
945 |d 19890103 00:00:00 
260 |a Santiago  |b Salesiana  |c 1987 
650 0 |a Documentos pontificios   |9 255642 
650 0 |a Encíclicas  |9 255643 
583 |a last modification  |c 19890103 00:00:00  |k Rodrigo Vera 
999 |c 221274  |d 221272 
952 |0 0  |1 0  |4 0  |6 262_910000000000000_JUA_1987  |7 0  |8 A  |9 214422  |a BIBTEO  |b BIBTEO  |d 2019-11-15  |i 2830256  |o 262.91 JUA 1987  |p 2830256  |r 2025-01-17  |w 2019-11-15  |y BK  |k ICR 
952 |0 0  |1 0  |4 0  |6 262_910000000000000_JUA_1987  |7 0  |8 A  |9 214423  |a BIBTEO  |b BIBTEO  |d 2019-11-15  |i 4246292  |o 262.91 JUA 1987  |p 4246292  |r 2025-01-17  |w 2019-11-15  |y BK  |k ICR